| 000 | 00459nam a2200181Ia 4500 | ||
|---|---|---|---|
| 008 | 230524s9999 xx 000 0 und d | ||
| 020 | _a9780070620303 | ||
| 082 |
_a650 _bKOE |
||
| 100 | _aHarold Koontz | ||
| 245 | 0 | _aEssentials of Management An International Perspective | |
| 250 | _a7TH | ||
| 260 |
_aNEW DELHI _bTMH _c2008 |
||
| 300 | _aXXI;443 | ||
| 500 | _aQuantity Number: 10 | ||
| 650 | _aManagement | ||
| 700 | _a Heinz Weihrich | ||
| 942 | _cBK | ||
| 999 |
_c40882 _d40882 |
||